000
00269nam a2200109Ia 4500
008
230917s9999||||xx |||||||||||||| ||und||
040
_e
192183
_a
MAIN
041
_a
English
100
_a
Kapoor, P P
245
0
_a
Modern purchasing: Principles and practice
942
_c
BK
999
_c
170978
_d
170978